Potenciálne možnosti rozvoja cestovného ruchu na severnom Spiši
Severný Spiš - doteraz nedocenená destinácia cestovného ruchu. Krásy zamagurskej prírody.
Saved in:
| Main Author: | |
|---|---|
| Format: | Book Chapter |
| Language: | Slovak |
| Subjects: | |
| Tags: |
No Tags, Be the first to tag this record!
|
MARC
| LEADER | 00000naa$a2200000$$$4500 | ||
|---|---|---|---|
| 001 | 0065745 | ||
| 005 | 20240502071759.5 | ||
| 041 | 0 | |a slo | |
| 044 | |a SK | ||
| 245 | 1 | 0 | |a Potenciálne možnosti rozvoja cestovného ruchu na severnom Spiši |c Darina Eliašová |
| 520 | |a Severný Spiš - doteraz nedocenená destinácia cestovného ruchu. Krásy zamagurskej prírody. | ||
| 610 | 2 | 0 | |a ruch cestovný |
| 610 | 2 | 0 | |a regióny |
| 610 | 2 | 0 | |a Slovensko |
| 610 | 2 | 0 | |a turistika |
| 610 | 2 | 0 | |a príroda |
| 610 | 2 | 0 | |a Spiš |
| 100 | 1 | |a Eliašová, Darina | |